000 00472nam a2200181Ia 4500
001 14989
005 20260306164955.0
008 260306t2013||||xx |||||||||||||| ||spa||
041 _aESP
082 _a519.53
_bP45
100 _aPérez, Cesar
_eAUT
245 0 _aAnálisis multivariante de datos:
_baplicaciones con IBM SPSS, SAS Y STATGRAPHICS
260 _c2013
300 _a563 páginas :
_c24 cm.
650 _aGEN
654 _aCMA
942 _cLIB
_dJUS
_fJUS
_2ddc
_n
999 _c14989
_d14989